Minecraft 1.5 - Statistics

General Stats
  • This quiz has been taken 22 times
  • The average score is 17 of 19
Answer Stats
Picture Answer % Correct
Block of Quartz
100%
Block of Redstone
100%
Heavy Weighted Pressure Plate
100%
Hopper
100%
Nether Quartz
100%
Quartz Slab
100%
Trapped Chest
100%
Dropper
95%
Light Weighted Pressure Plate
95%
Nether Brick
95%
Nether Quartz Ore
95%
Quartz Stairs
95%
Daylight Detector
85%
Chiseled Quartz Block
80%
Quartz Pillar
80%
Smooth Quartz Block
80%
Smooth Sandstone
70%
Activator Rail
65%
Redstone Comparator
65%
No matching quizzes found
Score Distribution
Percent of People with Each Score
Percentile by Number Answered
Your Score History
You have not taken this quiz